Điện tử kỹ thuật số: Phương pháp thực hành

Saved in:
Bibliographic Details
Main Author: William Kleitz
Format: Book
Language:Undetermined
Published: H. Thống Kê 2003
Subjects:
Tags: Add Tag
No Tags, Be the first to tag this record!
Institutions: Trung tâm Học liệu Trường Đại học Cần Thơ
LEADER 00553nam a2200181Ia 4500
001 CTU_56895
008 210402s9999 xx 000 0 und d
020 |b 24000 
082 |a 621.38132 
082 |b K64 
100 |a William Kleitz 
245 0 |a Điện tử kỹ thuật số: Phương pháp thực hành 
245 0 |c William Kleitz; Nguyễn Ngọc Tuấn biên dịch 
260 |a H. 
260 |b Thống Kê 
260 |c 2003 
650 |a electronic circuits 
980 |a Trung tâm Học liệu Trường Đại học Cần Thơ